• 首页
  • 本馆介绍
  • 公告通知
  • 最新文献
  • 馆藏检索
  • 电子资源
  • 读者导购
  • 参考咨询
  • 我的图书馆
  • 登录
  • 期刊详细显示
  • 现刊情况显示
  • 合订本情况显示
  • 篇目信息显示

期刊信息

  • 表格格式
  • 工作单格式
  • 卡片格式
索取号 
I26/ZWXK
题名 
杂文选刊
作者 
杂文选刊编辑部
分册号 
分册名 
出版地 
吉林
出版者 
杂文选刊编辑部
标准刊号 
1008-3936
出版频率 
月刊
中图法分类 
I26
主题词 
散文 中国; 散文 作品综合集 中国
电子资源 
000 00707nas0 2200253 45
001 0552754062
005 20210917085241.79
010    @d3
011    @a1008-3936@dCNY3.00(2006)
091    @aCN22-1281/I
092    @b12-340
100    @a20051129d km y0chiy0120 ea
101 0  @achi
200 1  @a杂文选刊@AZa Wen Xuan Kan@i下半月@f杂文选刊编辑部@FZa Wen Xuan Kan Bian Ji Bu
210    @a吉林@c杂文选刊编辑部
300    @a2014(2)未装订存于密集书库1
326    @a月刊
517 1  @a下半月@AXia Ban Yue
606 0  @a散文@x中国
606 0  @a散文@x作品综合集@x中国
690    @aI26@v4
711  0 @a杂文选刊编辑部@AZa Wen Xuan Kan Bian Ji Bu
801  0 @aCN@bPFT@c20070521
905    @aTJWY@dI26@eZWXK
    
    杂文选刊.下半月/杂文选刊编辑部.-吉林:杂文选刊编辑部
    
    2014(2)未装订存于密集书库1
    
    3 ISSN 1008-3936:CNY3.00(2006)
    
●
相关链接: 在易读查询期刊 在中国知网中查询期刊 在万方数据查询期刊 在维普查询期刊
唐山师范学院图书馆 欢迎您!
大连网信软件有限公司© 版权所有